000 00654nam a2200265Ia 4500
005 20260121170019.0
008 008 260114s9999 xx 000 0 eng d
020 _a9783319468822
037 _aEBOOK
040 _aCRL
040 _beng
040 _cCRL
041 _2eng
041 _aeng
084 _qCRL
100 _aNardine Osman, Carles Sierra
_91058752
245 0 _aAutonomous Agents and Multiagent Systems
260 _bSpringer
260 _bSpringer
260 _c2016
856 _uhttps://link.springer.com/openurl?genre=book&isbn=978-3-319-46882-2
942 _cEBOOK
999 _c1624481
_d1624481